[Event "2BLN 1819 SK Norderstedt - FC St. Pauli"]
[Site "?"]
[Date "2018.11.10"]
[Round "1.3"]
[White "Socko, Monika"]
[Black "Ostrovskiy, Andrey"]
[Result "1-0"]
[WhiteElo "2463"]
[BlackElo "2429"]
[PlyCount "141"]
[EventDate "2018.??.??"]

1. d4 Nf6 2. c4 e6 3. Nf3 b6 4. a3 Ba6 5. Qc2 Bb7 6. Nc3 c5 7. e4 cxd4 8. Nxd4
Bc5 9. Nf3 Nc6 10. b4 Nd4 11. Qd2 Nxf3+ 12. gxf3 Be7 13. Rg1 g6 14. e5 Nh5 15.
Nb5 Bc6 16. Nd6+ Bxd6 17. Qxd6 Qe7 18. Qxe7+ Kxe7 19. Be2 f6 20. b5 Bb7 21. f4
Ng7 22. a4 Rhc8 23. Ba3+ Kf7 24. Rd1 Rc7 25. Bd6 Rcc8 26. Bb4 Rc7 27. a5 Be4
28. Bd6 Rcc8 29. Rg3 bxa5 30. Re3 Bb7 31. Ba3 Rc7 32. Red3 Rd8 33. Rh3 h5 34.
Bb2 fxe5 35. fxe5 Rdc8 36. Ra3 Be4 37. Rxa5 g5 38. Rda1 Rxc4 39. Bxc4 Rxc4 40.
R5a4 Rc2 41. Rxe4 Rxb2 42. Rxa7 Rxb5 43. Rxd7+ Kg6 44. Re7 g4 45. Kf1 Rb6 46.
Rc4 Nf5 47. Rec7 Rb5 48. R7c5 Rb1+ 49. Rc1 Rb4 50. Rc6 Nd4 51. R6c4 Rxc4 52.
Rxc4 Nf3 53. Kg2 Nxe5 54. Rc8 Kg5 55. h3 Ng6 56. hxg4 Kxg4 57. Rg8 Kf5 58. Kg3
e5 59. Rg7 Kg5 60. Kf3 Kf5 61. Rf7+ Kg5 62. Ke4 h4 63. Rf5+ Kh6 64. Kf3 Kg7 65.
Kg4 Kg8 66. Kh5 Nf4+ 67. Kxh4 Kg7 68. Rxf4 exf4 69. Kg4 Kg6 70. Kxf4 Kf7 71. f3
1-0

[Event "2BLN 1819 SK Norderstedt - FC St. Pauli"]
[Site "?"]
[Date "2018.11.10"]
[Round "1.4"]
[White "Kopylov, Michael"]
[Black "Jahncke, Giso"]
[Result "1-0"]
[WhiteElo "2419"]
[BlackElo "2381"]
[PlyCount "99"]
[EventDate "2018.??.??"]

1. d4 d5 2. c4 c6 3. Nf3 Nf6 4. e3 Bf5 5. Nc3 e6 6. Nh4 Bg6 7. Nxg6 hxg6 8. Be2
Nbd7 9. h3 Bd6 10. O-O Rc8 11. Qb3 dxc4 12. Qxb7 Nb6 13. e4 Rc7 14. Qa6 Bb4 15.
Bg5 Qxd4 16. Be3 Qd7 17. Bxb6 axb6 18. Rfd1 Qc8 19. Qxb6 Bxc3 20. bxc3 Nxe4 21.
Qd4 Nf6 22. Qxc4 O-O 23. Bf3 Nd5 24. Qc5 Qb8 25. c4 Nc3 26. Rdc1 Na4 27. Qe5
Qa7 28. c5 Rb8 29. Rc4 Rcc8 30. h4 Nb2 31. Rd4 Rb5 32. Rc1 Qa5 33. Rc2 Qxa2 34.
Be4 f6 35. Qd6 f5 36. Bxc6 Qb1+ 37. Kh2 Qxc2 38. Qxe6+ Kh7 39. Bxb5 Qxf2 40.
Qe5 Rf8 41. Rd7 Rg8 42. c6 f4 43. Qg5 Rb8 44. Rb7 Rf8 45. h5 Rf6 46. h6 f3 47.
Rxg7+ Kh8 48. c7 fxg2 49. c8=Q+ Rf8 50. Rg8+ 1-0

[Event "2BLN 1819 SK Norderstedt - FC St. Pauli"]
[Site "?"]
[Date "2018.11.10"]
[Round "1.5"]
[White "Krause, Jonah"]
[Black "Kahlert, Thomas"]
[Result "1/2-1/2"]
[WhiteElo "2321"]
[BlackElo "2195"]
[PlyCount "117"]
[EventDate "2018.??.??"]

1. Nf3 Nf6 2. c4 d6 3. d4 Nbd7 4. Nc3 e5 5. e4 Be7 6. Be2 O-O 7. O-O c6 8. Re1
Re8 9. Bf1 Qc7 10. Rb1 a6 11. b4 b6 12. Qb3 Bf8 13. d5 cxd5 14. cxd5 Bb7 15.
Bd2 Rec8 16. Rbc1 Qd8 17. h3 g6 18. Bd3 Nh5 19. Ne2 Rxc1 20. Rxc1 Rc8 21. Rxc8
Qxc8 22. Be3 Ng7 23. Nd2 Be7 24. Qc3 Qxc3 25. Nxc3 b5 26. a4 bxa4 27. Nc4 f5
28. f3 Kf7 29. Nxa4 fxe4 30. fxe4 Ne8 31. Na5 Bc8 32. Nc6 Nef6 33. g4 Ke8 34.
Nb6 Nxb6 35. Bxb6 g5 36. Be3 h6 37. Kg2 Nd7 38. Kf3 Bf6 39. Bc2 Bd8 40. Ba4 Bc7
41. Na7 Bb7 42. h4 gxh4 43. Bxh6 Bb6 44. Nc6 Kf7 45. Bg5 h3 46. Na5 h2 47. Kg2
Bxa5 48. bxa5 Bc8 49. Kxh2 Nc5 50. Bc2 Bxg4 51. Kg3 Be2 52. Be3 Bd3 53. Bxd3
Nxd3 54. Kf3 Nc5 55. Bxc5 dxc5 56. Ke3 Ke7 57. Kd3 Kd7 58. Kc3 Kc7 59. Kb3
1/2-1/2

[Event "2BLN 1819 SK Norderstedt - FC St. Pauli"]
[Site "?"]
[Date "2018.11.10"]
[Round "1.6"]
[White "Hagenstein, Frank"]
[Black "Voigt, Martin"]
[Result "0-1"]
[WhiteElo "2273"]
[BlackElo "2308"]
[PlyCount "117"]
[EventDate "2018.??.??"]

1. d4 d5 2. c4 e6 3. e3 Nf6 4. Nf3 Nbd7 5. Nc3 a6 6. a3 Bd6 7. c5 Be7 8. b4 c6
9. Bb2 O-O 10. Bd3 Qc7 11. Qc2 Re8 12. O-O Bf8 13. Ne2 g6 14. h3 Bg7 15. Ng3
Nf8 16. Rfe1 N6d7 17. e4 e5 18. Qb3 exd4 19. exd5 Rxe1+ 20. Rxe1 cxd5 21. Qxd5
Nf6 22. Qb3 Be6 23. Bc4 Re8 24. Rd1 Bxc4 25. Qxc4 Ne6 26. Ne2 Nh5 27. Nexd4 Rd8
28. Rc1 Nxd4 29. Bxd4 Bxd4 30. Nxd4 Qf4 31. Rd1 Qe4 32. g3 Ng7 33. Kh2 h5 34.
Qc3 Rd5 35. Qe3 Qxe3 36. fxe3 Nf5 37. Re1 Nxd4 38. exd4 Rxd4 39. Re7 Rd2+ 40.
Kg1 Rd3 41. Kg2 Rxa3 42. Rxb7 Rc3 43. Rb6 a5 44. bxa5 Rxc5 45. a6 Ra5 46. Kf3
Kg7 47. Ke4 Ra3 48. Kf4 h4 49. gxh4 Rxh3 50. Kg4 Ra3 51. Rc6 f5+ 52. Kf4 Rh3
53. Rc7+ Kh6 54. Ke5 Rxh4 55. Kf6 Ra4 56. Rc6 Kh5 57. Kg7 g5 58. Rf6 f4 59. Kf7
0-1

[Event "2BLN 1819 SK Norderstedt - FC St. Pauli"]
[Site "?"]
[Date "2018.11.10"]
[Round "1.7"]
[White "Mueller, Fabian"]
[Black "Powierski, Emil"]
[Result "1-0"]
[WhiteElo "2337"]
[BlackElo "2311"]
[PlyCount "115"]
[EventDate "2018.??.??"]

1. d4 Nf6 2. c4 e6 3. Nf3 b6 4. g3 Bb4+ 5. Bd2 Be7 6. Bg2 c6 7. O-O d5 8. Ne5
O-O 9. Nc3 Ba6 10. cxd5 cxd5 11. Re1 b5 12. Bf4 b4 13. Na4 Bb5 14. Rc1 Na6 15.
Nc6 Qd7 16. Nxe7+ Qxe7 17. Nc5 Rac8 18. Nxa6 Bxa6 19. Qa4 Qb7 20. Bf3 Ne4 21.
Qa5 Rfd8 22. Rc2 g5 23. Be3 Qb6 24. Qxb6 axb6 25. Rec1 Rxc2 26. Rxc2 h6 27. Rc6
Rb8 28. h4 Bb5 29. Rc7 Ra8 30. Rb7 Ra6 31. Bh5 Be8 32. Kg2 Rxa2 33. Rxb6 Rxb2
34. Rb8 Kf8 35. Bf3 Rb1 36. Bxe4 dxe4 37. d5 Ke7 38. d6+ Kd7 39. hxg5 hxg5 40.
Bxg5 f6 41. Bxf6 Bh5 42. g4 Bxg4 43. Be5 Rd1 44. Rb7+ Kc6 45. Rxb4 Kd5 46. Rb5+
Kc6 47. Rb2 Rd5 48. Rc2+ Kb5 49. Kg3 Rxe5 50. Kxg4 e3 51. f4 Rd5 52. Kf3 Rxd6
53. Kxe3 Rc6 54. Rxc6 Kxc6 55. Ke4 Kd6 56. Kd4 Kd7 57. Ke5 Ke7 58. f5 1-0

[Event "2BLN 1819 SK Norderstedt - FC St. Pauli"]
[Site "?"]
[Date "2018.11.10"]
[Round "1.8"]
[White "Kopylov, Daniel"]
[Black "Stenner, Patrick"]
[Result "1/2-1/2"]
[WhiteElo "2211"]
[BlackElo "2220"]
[PlyCount "62"]
[EventDate "2018.??.??"]

1. e4 c6 2. d4 d5 3. exd5 cxd5 4. Bd3 Nc6 5. c3 Nf6 6. Ne2 e5 7. dxe5 Nxe5 8.
O-O Bd6 9. Bb5+ Bd7 10. Bxd7+ Qxd7 11. Bf4 O-O 12. Bxe5 Bxe5 13. Nd2 Rfe8 14.
Nf3 Qb5 15. Nxe5 Rxe5 16. Nf4 Re4 17. Qd2 Rae8 18. Rad1 h6 19. Nxd5 Nxd5 20.
Qxd5 Qxb2 21. Qb3 Re2 22. g3 b6 23. Qxb2 Rxb2 24. a4 Ra2 25. Rd4 Ree2 26. Rd8+
Kh7 27. Rd7 f6 28. Rxa7 b5 29. a5 Kg6 30. a6 Rec2 31. Rb7 Rxa6 1/2-1/2

[Event "2BLN 1819 SV Glückauf Rüdersdorf - SC"]
[Site "?"]
[Date "2018.11.11"]
[Round "2.1"]
[White "Guth, Thomas"]
[Black "Kanarek, Marcel"]
[Result "0-1"]
[WhiteElo "2305"]
[BlackElo "2508"]
[PlyCount "62"]
[EventDate "2018.??.??"]

1. e4 c5 2. Nf3 d6 3. d4 cxd4 4. Nxd4 Nf6 5. Nc3 a6 6. Bg5 e6 7. f4 h6 8. Bxf6
Qxf6 9. Qd2 g5 10. fxg5 Qxg5 11. O-O-O Nd7 12. Nf3 Qxd2+ 13. Rxd2 b5 14. Bd3
Bb7 15. Re1 Bg7 16. Nd1 h5 17. Kb1 Ke7 18. Bf1 Ne5 19. Nf2 Bh6 20. Rdd1 Ng4 21.
Nxg4 hxg4 22. Nd4 Bg7 23. Nb3 Rxh2 24. Na5 Rb8 25. c4 Ba8 26. e5 Bxe5 27. c5
Bg3 28. Re3 Bf4 29. Rc3 dxc5 30. Rxc5 Be4+ 31. Ka1 Rd8 0-1

[Event "2BLN 1819 SV Glückauf Rüdersdorf - SC"]
[Site "?"]
[Date "2018.11.11"]
[Round "2.2"]
[White "Steczek, Marcin"]
[Black "Dauth, Benjamin"]
[Result "1/2-1/2"]
[WhiteElo "2373"]
[BlackElo "2276"]
[PlyCount "120"]
[EventDate "2018.??.??"]

1. d4 d5 2. Nf3 Nf6 3. g3 e6 4. Bg2 Be7 5. O-O O-O 6. c4 c5 7. cxd5 Nxd5 8. e4
Nf6 9. Nc3 cxd4 10. Nxd4 e5 11. Ndb5 Bd7 12. Bg5 a6 13. Bxf6 Bxf6 14. Nd6 Bc6
15. Rc1 b5 16. Nf5 g6 17. Nh6+ Kg7 18. Ng4 Re8 19. Nd5 Bxd5 20. exd5 Ra7 21.
Re1 Rd7 22. Qc2 h5 23. Nxf6 Qxf6 24. Re3 h4 25. Qc5 hxg3 26. hxg3 Qd6 27. f4
Qxc5 28. Rxc5 Rdd8 29. Rxe5 Rxe5 30. fxe5 Nd7 31. Rc7 Nxe5 32. Kf2 Rd7 33. Rc2
Nc4 34. b3 Nb6 35. Rc5 Kf8 36. Ke3 Ke7 37. Kd4 Rd6 38. Rc7+ Nd7 39. Rc8 Rf6 40.
Rc2 Kd8 41. Bh3 Rf3 42. Rc6 Rxg3 43. Bxd7 Kxd7 44. Rxa6 f5 45. Kc5 Rc3+ 46.
Kxb5 g5 47. Rg6 g4 48. Rg5 Kd6 49. Rxf5 Rc5+ 50. Kb4 Rxd5 51. Rf1 Rg5 52. Kc4
g3 53. Kd4 Ra5 54. Rf6+ Kc7 55. Rg6 Rxa2 56. Rxg3 Rh2 57. Rg6 Rc2 58. Kd3 Rc1
59. Kd4 Kb7 60. Rg3 Kb6 1/2-1/2

[Event "2BLN 1819 SV Glückauf Rüdersdorf - SC"]
[Site "?"]
[Date "2018.11.11"]
[Round "2.3"]
[White "Rietze, Clemens"]
[Black "Janaszak, Dawid"]
[Result "1-0"]
[WhiteElo "2293"]
[BlackElo "2354"]
[PlyCount "123"]
[EventDate "2018.??.??"]

1. d4 Nf6 2. c4 g6 3. Nc3 d5 4. cxd5 Nxd5 5. Bd2 Bg7 6. e4 Nb6 7. Be3 O-O 8.
Bb5 Be6 9. Nge2 Nc4 10. Bc1 Nd6 11. Bd3 Bc4 12. O-O Nc6 13. Be3 Qd7 14. b3 Bxd3
15. Qxd3 a6 16. Rfd1 Rfd8 17. Rac1 Rac8 18. d5 Ne5 19. Qb1 b5 20. h3 Qe8 21. f4
Bh6 22. Bf2 Nd7 23. e5 Nb7 24. Qe4 Nb8 25. a4 c6 26. dxc6 Rxd1+ 27. Rxd1 Nxc6
28. axb5 axb5 29. Nxb5 Ncd8 30. Qd5 Rc2 31. Nbd4 e6 32. Qf3 Ra2 33. Nc3 Rb2 34.
Ne4 Bg7 35. Ra1 Qe7 36. Qc3 Rxf2 37. Kxf2 h6 38. Nc6 Nxc6 39. Qxc6 Qb4 40. Ra8+
Bf8 41. Qc4 Qb6+ 42. Kf3 Nd8 43. b4 Kg7 44. b5 Be7 45. Rc8 Qg1 46. Rc7 Bh4 47.
Qe2 Qb6 48. Nd6 Kf8 49. Rd7 Qd4 50. Rc7 f5 51. g3 Be7 52. Kg2 g5 53. Rc4 Qd5+
54. Kh2 Bxd6 55. exd6 Qxb5 56. Qf3 Ke8 57. Qc3 Nc6 58. Qh8+ Kd7 59. Rc2 Qd3 60.
Qb2 Nd4 61. Qb7+ Kxd6 62. Qc7+ 1-0

[Event "2BLN 1819 SV Glückauf Rüdersdorf - SC"]
[Site "?"]
[Date "2018.11.11"]
[Round "2.5"]
[White "Neumeier, Lars"]
[Black "Dudzinski, Piotr"]
[Result "1/2-1/2"]
[WhiteElo "2314"]
[BlackElo "2327"]
[PlyCount "44"]
[EventDate "2018.??.??"]

1. d4 d5 2. Nf3 Nf6 3. c4 e6 4. g3 Be7 5. Bg2 O-O 6. Qc2 b6 7. O-O Bb7 8. cxd5
exd5 9. Nc3 c5 10. Bg5 Nbd7 11. Rad1 Ne4 12. Be3 Nxc3 13. bxc3 Qc7 14. Qb1 Nf6
15. Rc1 Ba6 16. Rfe1 Rfe8 17. Bf4 Bd6 18. Bxd6 Qxd6 19. Ne5 Nd7 20. Nxd7 Qxd7
21. e4 cxd4 22. cxd4 Bc4 1/2-1/2

[Event "2BLN 1819 SV Glückauf Rüdersdorf - SC"]
[Site "?"]
[Date "2018.11.11"]
[Round "2.6"]
[White "Wlodarczyk, Oskar"]
[Black "Bruchmann, Stephan"]
[Result "0-1"]
[WhiteElo "2265"]
[BlackElo "2241"]
[PlyCount "62"]
[EventDate "2018.??.??"]

1. e4 c6 2. d4 d5 3. exd5 cxd5 4. c4 Nf6 5. Nc3 Nc6 6. Nf3 Bg4 7. cxd5 Nxd5 8.
Qb3 Nb6 9. d5 Bxf3 10. gxf3 Nd4 11. Qd1 e5 12. dxe6 Bc5 13. exf7+ Kxf7 14. Be2
Re8 15. Ne4 Qh4 16. O-O Re5 17. Ng3 Rae8 18. Bd3 Re1 19. Rxe1 Rxe1+ 20. Qxe1
Nxf3+ 21. Kf1 Nxe1 22. Kxe1 Qxh2 23. Ne4 Bd4 24. a4 Nd7 25. Ra3 Ne5 26. Bf1 Qh1
27. Ng5+ Kf6 28. Rh3 Qc6 29. Nxh7+ Ke7 30. Bg5+ Kd6 31. Bb5 Qg2 0-1

[Event "2BLN 1819 SV Glückauf Rüdersdorf - SC"]
[Site "?"]
[Date "2018.11.11"]
[Round "2.7"]
[White "Seils, Joerg"]
[Black "Szyszylo, Rafal"]
[Result "1/2-1/2"]
[WhiteElo "2317"]
[BlackElo "2253"]
[PlyCount "120"]
[EventDate "2018.??.??"]

1. e4 g6 2. d4 Bg7 3. Nc3 d6 4. Nf3 Nf6 5. Be2 O-O 6. O-O Nc6 7. h3 e5 8. Be3
exd4 9. Nxd4 Re8 10. Nxc6 bxc6 11. Bd3 d5 12. exd5 cxd5 13. Bd4 c6 14. Re1
Rxe1+ 15. Qxe1 Be6 16. Na4 Nh5 17. Bxg7 Kxg7 18. Nc5 Qf6 19. Qb4 Rf8 20. Re1
Bc8 21. c3 Nf4 22. Bf1 Kg8 23. Nd3 Nxd3 24. Bxd3 Qd8 25. Re7 Qb6 26. Qxb6 axb6
27. Rc7 c5 28. Rc6 Be6 29. Rxb6 Ra8 30. a3 Kg7 31. Kf1 Kf6 32. Bb5 Ke5 33. Ke2
d4 34. cxd4+ Kxd4 35. Rd6+ Ke5 36. Rd2 Bb3 37. Ke3 g5 38. Rd3 Bd5 39. g3 f5 40.
f4+ gxf4+ 41. gxf4+ Ke6 42. Bd7+ Kxd7 43. Rxd5+ Kc6 44. Rxf5 Rb8 45. b4 cxb4
46. axb4 Rxb4 47. Kf3 Kd6 48. Re5 h5 49. Kg3 Ra4 50. Rxh5 Ke6 51. Kg4 Kf6 52.
Rh6+ Kg7 53. Rb6 Ra5 54. h4 Kf7 55. h5 Rc5 56. h6 Ra5 57. h7 Kg7 58. Rb7+ Kh8
59. f5 Ra4+ 60. Kg5 Rg4+ 1/2-1/2

[Event "2BLN 1819 SV Glückauf Rüdersdorf - SC"]
[Site "?"]
[Date "2018.11.11"]
[Round "2.8"]
[White "Dudzinski, Pawel"]
[Black "Steinhagen, Bernd"]
[Result "1/2-1/2"]
[WhiteElo "2198"]
[BlackElo "2244"]
[PlyCount "89"]
[EventDate "2018.??.??"]

1. e4 c5 2. Nc3 Nc6 3. g3 g6 4. Bg2 Bg7 5. d3 Rb8 6. Be3 d6 7. Qd2 b5 8. f4 b4
9. Nd1 e6 10. Nf3 Qb6 11. O-O Nge7 12. h4 f5 13. h5 gxh5 14. Nh4 O-O 15. Bf3
Bb7 16. a3 Nd4 17. axb4 Nxf3+ 18. Nxf3 fxe4 19. Ng5 exd3 20. Nxe6 dxc2 21. Qxc2
Qc6 22. Kh2 Rf5 23. Nxg7 Kxg7 24. bxc5 dxc5 25. Rxa7 Ra8 26. Rxb7 Qxb7 27. Bxc5
Rc8 28. Qc3+ Kg8 29. b4 Nd5 30. Qc4 Qf7 31. Nf2 Nf6 32. Qe2 Re8 33. Qf3 Qd5 34.
Qxd5+ Rxd5 35. Kh3 Re2 36. Kh4 Kf7 37. Nh3 Rh2 38. Re1 Kg6 39. Bg1 Rb2 40. Bc5
Kf5 41. Re7 Kg6 42. Re6 Kf5 43. Re7 Rh2 44. Bg1 Rb2 45. Bc5 1/2-1/2

[Event "2BLN 1819 SF Berlin II - SK Zehlendorf"]
[Site "?"]
[Date "2018.11.11"]
[Round "2.1"]
[White "Lagunow, Raphael"]
[Black "Lauber, Arnd"]
[Result "0-1"]
[WhiteElo "2407"]
[BlackElo "2431"]
[PlyCount "52"]
[EventDate "2018.??.??"]

1. e4 e6 2. d3 d5 3. Qe2 dxe4 4. dxe4 e5 5. Nf3 Nc6 6. c3 a5 7. Nbd2 Bc5 8. Nc4
Qe7 9. Qc2 h6 10. Ne3 Nf6 11. Bc4 Be6 12. Bb5 Ng4 13. Qe2 O-O 14. O-O Nb8 15.
Nxg4 Bxg4 16. h3 Bh5 17. g4 Bg6 18. a4 Kh8 19. Bc4 Nd7 20. g5 Bh5 21. Qd3 Nb6
22. Nh4 Rad8 23. Bd5 c6 24. Nf5 Qd7 25. Be3 Bxe3 26. Qxe3 Nxd5 0-1

[Event "2BLN 1819 SF Berlin II - SK Zehlendorf"]
[Site "?"]
[Date "2018.11.11"]
[Round "2.2"]
[White "Blohberger, Felix"]
[Black "Sawlin, Leonid"]
[Result "1-0"]
[WhiteElo "2434"]
[BlackElo "2372"]
[PlyCount "89"]
[EventDate "2018.??.??"]

1. c4 Nf6 2. Nc3 e6 3. Nf3 d5 4. e3 Be7 5. b3 c5 6. cxd5 exd5 7. Bb2 Bg4 8. h3
Bh5 9. Be2 Nc6 10. d4 Bxf3 11. Bxf3 cxd4 12. exd4 O-O 13. O-O Rc8 14. Qd3 Qd7
15. Rac1 Rfe8 16. Rfd1 Bd6 17. a3 Bf4 18. Rc2 Na5 19. b4 Nc6 20. Bc1 Bxc1 21.
Rdxc1 Ne7 22. Qb5 Rc6 23. Qd3 Nf5 24. g3 Rec8 25. Ne2 Nd6 26. Nf4 Nde4 27. h4
h6 28. Bg2 g5 29. Bh3 Rxc2 30. Rxc2 Rxc2 31. Bxd7 Rc1+ 32. Kg2 gxf4 33. f3 Rc3
34. Qb5 Rc2+ 35. Kg1 Nxg3 36. Qxb7 Rc1+ 37. Kf2 Rc2+ 38. Kg1 Rc1+ 39. Kf2 Rc2+
40. Ke1 Kg7 41. Kd1 Re2 42. Bc6 Re3 43. Bxd5 Nxd5 44. Qxd5 Ne2 45. Qd7 1-0

[Event "2BLN 1819 SF Berlin II - SK Zehlendorf"]
[Site "?"]
[Date "2018.11.11"]
[Round "2.3"]
[White "Malek, Daniel"]
[Black "Abel, Dennes"]
[Result "1/2-1/2"]
[WhiteElo "2391"]
[BlackElo "2465"]
[PlyCount "48"]
[EventDate "2018.??.??"]

1. c4 c6 2. e4 d5 3. exd5 cxd5 4. d4 Nf6 5. Nc3 Nc6 6. Bg5 Be6 7. a3 Qd7 8. Be2
Rd8 9. Bxf6 exf6 10. c5 g5 11. b4 a6 12. Qd2 Bg7 13. Bd1 f5 14. Nge2 f4 15. h4
h6 16. b5 axb5 17. Nxb5 Kf8 18. Rb1 f3 19. gxf3 Qe7 20. hxg5 hxg5 21. Rxh8+
Bxh8 22. Rb3 Ra8 23. Re3 Na5 24. Nd6 Qd7 1/2-1/2

[Event "2BLN 1819 SF Berlin II - SK Zehlendorf"]
[Site "?"]
[Date "2018.11.11"]
[Round "2.4"]
[White "Ahmadinia, Ebrahim"]
[Black "Meister, Jakob"]
[Result "1-0"]
[WhiteElo "2434"]
[BlackElo "2422"]
[PlyCount "185"]
[EventDate "2018.??.??"]

1. e4 e5 2. Nf3 Nc6 3. d4 exd4 4. Bc4 Nf6 5. e5 d5 6. Bb5 Nd7 7. O-O Be7 8.
Bxc6 bxc6 9. Nxd4 Nb8 10. Nb3 O-O 11. Be3 Na6 12. Nc3 f6 13. exf6 Bxf6 14. Bd4
Be7 15. Be5 Rf7 16. a3 Nc5 17. Nd4 Qd7 18. b4 Nb7 19. Re1 a5 20. Rb1 axb4 21.
axb4 Nd6 22. b5 Nxb5 23. Ndxb5 cxb5 24. Nxb5 c6 25. Nd4 Bc5 26. Bg3 Re7 27. Qd2
Re4 28. c3 Ra4 29. Rxe4 dxe4 30. Be5 Bf8 31. Qc2 c5 32. Qb3+ c4 33. Qb8 Ra7 34.
Re1 Qb7 35. h3 Qxb8 36. Bxb8 Ra8 37. Be5 Bb7 38. Rb1 Bd5 39. Rb5 Bf7 40. Rb7
Rc8 41. Bf4 g6 42. g4 Bg7 43. Be3 Be5 44. Rb5 Bg7 45. Ra5 Rd8 46. g5 Re8 47. h4
Be6 48. Kg2 Bf7 49. Ra7 Be5 50. Kf1 Be6 51. Ke1 Bf7 52. Kd2 Rd8 53. Kc2 Bg7 54.
Nc6 Re8 55. Ne7+ Kh8 56. Bd4 Rf8 57. Bxg7+ Kxg7 58. Nc6 Re8 59. Kd2 Kf8 60. Ke3
Bd5 61. Nd4 Bf7 62. Nb5 Rd8 63. Nd4 Re8 64. Nb5 Re6 65. Kd4 Rb6 66. Kc5 Rb8 67.
Nd6 Bg8 68. Kd4 Rb2 69. Nxe4 Be6 70. Rxh7 Bf5 71. f3 Ra2 72. Rc7 Rh2 73. Nd6
Rxh4+ 74. Ke5 Bd3 75. f4 Kg8 76. Nxc4 Rh1 77. Nd6 Ra1 78. Kf6 Ra6 79. Rc8+ Kh7
80. Rc7+ Kg8 81. Ke7 Ra4 82. c4 Kg7 83. Ke6+ Kg8 84. Kf6 Ra6 85. Rc8+ Kh7 86.
Rc7+ Kg8 87. c5 Be4 88. Ke5 Bg2 89. f5 gxf5 90. g6 Rc6 91. Rxc6 Bxc6 92. Nxf5
Bd7 93. Kf6 1-0

[Event "2BLN 1819 SF Berlin II - SK Zehlendorf"]
[Site "?"]
[Date "2018.11.11"]
[Round "2.5"]
[White "Stachowiak, Kamil"]
[Black "Seyb, Alexander"]
[Result "1/2-1/2"]
[WhiteElo "2432"]
[BlackElo "2416"]
[PlyCount "91"]
[EventDate "2018.??.??"]

1. d4 Nf6 2. Nf3 g6 3. g3 Bg7 4. Bg2 O-O 5. O-O c5 6. c4 cxd4 7. Nxd4 Nc6 8.
Nc2 d6 9. Nc3 Be6 10. b3 Qd7 11. Re1 Bh3 12. Bh1 e6 13. Bb2 a6 14. Rc1 Rab8 15.
e4 b5 16. Ne3 Ne5 17. cxb5 axb5 18. Ne2 Nfg4 19. Nf4 Nxe3 20. Rxe3 Bg4 21. Qd2
g5 22. Nd3 Qe7 23. Nxe5 Bxe5 24. Bxe5 dxe5 25. Bg2 Rfd8 26. Rd3 f6 27. h3 Bh5
28. a4 bxa4 29. bxa4 Rxd3 30. Qxd3 Ra8 31. Qb3 Be8 32. Rc4 Qa7 33. Bf3 Rb8 34.
Qc2 Rd8 35. Bg4 Qa6 36. Rc7 Bxa4 37. Qc5 Qd6 38. Qa7 Bd7 39. Be2 Kf8 40. Kg2 h6
41. Rc1 Qe7 42. Rc7 Qd6 43. Bh5 Ke7 44. Rc1 Qb8 45. Qa3+ Qd6 46. Qa7 1/2-1/2

[Event "2BLN 1819 SF Berlin II - SK Zehlendorf"]
[Site "?"]
[Date "2018.11.11"]
[Round "2.6"]
[White "Polzin, Rainer"]
[Black "Brodowski, Piotr"]
[Result "1-0"]
[WhiteElo "2396"]
[BlackElo "2442"]
[PlyCount "105"]
[EventDate "2018.??.??"]

1. e4 c5 2. Nc3 Nc6 3. Bb5 g6 4. Bxc6 bxc6 5. f4 Bg7 6. Nf3 c4 7. O-O Nf6 8.
Qe1 O-O 9. b3 d5 10. e5 Nd7 11. Ba3 Nb6 12. Qh4 Re8 13. Bc5 Nd7 14. Be3 Nf8 15.
bxc4 dxc4 16. Rab1 Qa5 17. Rb2 f6 18. Bd4 Qd8 19. Rfb1 Bf5 20. Qf2 Ne6 21. Be3
Rf8 22. Qe2 g5 23. Qxc4 Kh8 24. fxg5 fxe5 25. Nh4 Nd4 26. Nxf5 Rxf5 27. Ne4 Qd5
28. d3 Rff8 29. h3 Nf5 30. Bf2 Qxc4 31. dxc4 Nd6 32. Nxd6 exd6 33. Rb7 e4 34.
Rxa7 c5 35. Re7 Rxa2 36. Rxe4 Rxc2 37. Bg3 Bd4+ 38. Kh1 Rd8 39. Re7 Kg8 40.
Bxd6 Rxc4 41. Rc7 Rc2 42. Be7 Re8 43. Bf6 Bxf6 44. gxf6 Rf2 45. Rg7+ Kh8 46.
Rbb7 Rxf6 47. Rxh7+ Kg8 48. Rbg7+ Kf8 49. Rc7 Kg8 50. Rh5 Rg6 51. Rcxc5 Re1+
52. Kh2 Re2 53. Rhg5 1-0

[Event "2BLN 1819 SF Berlin II - SK Zehlendorf"]
[Site "?"]
[Date "2018.11.11"]
[Round "2.7"]
[White "Luch, Michal"]
[Black "Florstedt, Johannes"]
[Result "1/2-1/2"]
[WhiteElo "2363"]
[BlackElo "2310"]
[PlyCount "98"]
[EventDate "2018.??.??"]

1. d4 Nf6 2. c4 g6 3. Nc3 d5 4. Nf3 Bg7 5. Qa4+ Bd7 6. Qb3 dxc4 7. Qxc4 Be6 8.
Qb5+ Bd7 9. Qxb7 Nc6 10. e4 Rb8 11. Qa6 Nb4 12. Qe2 c5 13. Bf4 Rc8 14. d5 Qa5
15. Be5 O-O 16. Qd2 e6 17. Bxf6 Bxf6 18. Bc4 exd5 19. Nxd5 Bd8 20. O-O Bb5 21.
Rfc1 Bxc4 22. Rxc4 Qa6 23. b3 Bf6 24. Nxf6+ Qxf6 25. e5 Qg7 26. Rd1 h6 27. a3
Nc6 28. Rxc5 g5 29. h3 Rfe8 30. Rdc1 Rcd8 31. Qe3 Ne7 32. e6 Ng6 33. Rc7 Rxe6
34. Qxe6 fxe6 35. Rxg7+ Kxg7 36. Rc7+ Kf6 37. Rxa7 Rd1+ 38. Kh2 h5 39. Ra5 e5
40. Rb5 g4 41. Ng1 Rf1 42. hxg4 hxg4 43. Ne2 Rxf2 44. Nc3 Kf5 45. Nd5 Rd2 46.
a4 Ke4 47. Nf6+ Kf5 48. Nd5 Ke4 49. Nf6+ Kf5 1/2-1/2

[Event "2BLN 1819 SF Berlin II - SK Zehlendorf"]
[Site "?"]
[Date "2018.11.11"]
[Round "2.8"]
[White "Chatzidakis, Mihail"]
[Black "Lagunow, Alexander"]
[Result "1/2-1/2"]
[WhiteElo "2336"]
[BlackElo "2390"]
[PlyCount "39"]
[EventDate "2018.??.??"]

1. e4 c5 2. Nf3 d6 3. Bb5+ Bd7 4. Bxd7+ Qxd7 5. O-O Nc6 6. c3 Nf6 7. d4 Nxe4 8.
d5 Ne5 9. Re1 Nxf3+ 10. Qxf3 Nf6 11. c4 e5 12. dxe6 fxe6 13. Bg5 Be7 14. Nc3
O-O 15. Qh3 h6 16. Qxe6+ Qxe6 17. Rxe6 Kf7 18. Rae1 Rfe8 19. Bh4 Bf8 20. Rxe8
1/2-1/2

[Event "2BLN 1819 SK König Tegel - SV Lingen"]
[Site "?"]
[Date "2018.11.11"]
[Round "2.1"]
[White "Perunovic, Milos"]
[Black "Stern, Rene"]
[Result "1/2-1/2"]
[WhiteElo "2604"]
[BlackElo "2527"]
[PlyCount "54"]
[EventDate "2018.??.??"]

1. e4 e5 2. Nf3 Nc6 3. Bb5 Nf6 4. d3 d6 5. O-O Be7 6. c3 O-O 7. Re1 a6 8. Ba4
Re8 9. h3 Bf8 10. c4 Nd7 11. Be3 Nc5 12. Bxc6 bxc6 13. Nc3 Ne6 14. d4 exd4 15.
Nxd4 Nxd4 16. Bxd4 c5 17. Be3 f5 18. Qf3 fxe4 19. Nxe4 Bb7 20. Nf6+ Qxf6 21.
Qxb7 Rab8 22. Qxc7 Rxb2 23. Qc6 Qf7 24. Reb1 Rc2 25. Rc1 Rb2 26. Rcb1 Rc2 27.
Rc1 Rb2 1/2-1/2

[Event "2BLN 1819 SK König Tegel - SV Lingen"]
[Site "?"]
[Date "2018.11.11"]
[Round "2.2"]
[White "Rabiega, Robert"]
[Black "Gajek, Radoslaw"]
[Result "1/2-1/2"]
[WhiteElo "2510"]
[BlackElo "2471"]
[PlyCount "24"]
[EventDate "2018.??.??"]

1. e4 c5 2. c3 Nf6 3. e5 Nd5 4. d4 cxd4 5. Nf3 d6 6. Qxd4 e6 7. Nbd2 Nc6 8. Bb5
Bd7 9. Bxc6 Bxc6 10. O-O f6 11. exf6 Qxf6 12. Ne4 Qxd4 1/2-1/2

[Event "2BLN 1819 SK König Tegel - SV Lingen"]
[Site "?"]
[Date "2018.11.11"]
[Round "2.3"]
[White "Ivanisevic, Ivan"]
[Black "Moreno Tejera, Emilio"]
[Result "1-0"]
[WhiteElo "2597"]
[BlackElo "2437"]
[PlyCount "79"]
[EventDate "2018.??.??"]

1. d4 e6 2. e4 d5 3. Nc3 Nf6 4. exd5 exd5 5. Bf4 c6 6. Qd2 Be6 7. Bd3 Nbd7 8.
Nf3 h6 9. O-O g5 10. Bg3 Nh5 11. Rae1 Nxg3 12. fxg3 Qe7 13. Nd1 O-O-O 14. Ne3
Nb6 15. c3 Kb8 16. Qf2 Qc7 17. Ne5 Bd6 18. Nf5 Bf8 19. b4 Nd7 20. Nxd7+ Rxd7
21. Re2 Rd8 22. Qe1 h5 23. a4 h4 24. a5 Bxf5 25. Rxf5 hxg3 26. hxg3 Bd6 27.
Rxg5 f6 28. Rg6 Qh7 29. Re6 Bc7 30. Re7 Qh2+ 31. Kf2 Bd6 32. Rgg7 Ka8 33. Rxb7
Bxg3+ 34. Rxg3 Kxb7 35. Qe7+ Ka8 36. a6 Rb8 37. Qd6 Rhc8 38. Bf5 Qh4 39. Kg1
Qh6 40. Bxc8 1-0

[Event "2BLN 1819 SK König Tegel - SV Lingen"]
[Site "?"]
[Date "2018.11.11"]
[Round "2.4"]
[White "Muse, Mladen"]
[Black "Epishin, Vladimir"]
[Result "0-1"]
[WhiteElo "2395"]
[BlackElo "2548"]
[PlyCount "80"]
[EventDate "2018.??.??"]

1. Nf3 d5 2. g3 Nd7 3. d4 e6 4. Bg2 Ngf6 5. O-O b5 6. Nbd2 Be7 7. e4 Nxe4 8.
Nxe4 dxe4 9. Ne5 Bb7 10. Qe2 a6 11. Bxe4 Bxe4 12. Qxe4 Nxe5 13. dxe5 Qd5 14.
Qxd5 exd5 15. Rd1 c6 16. b3 O-O-O 17. Bb2 c5 18. Rd3 Kc7 19. Rad1 Kc6 20. h4 c4
21. Rf3 Rhf8 22. Bd4 f5 23. exf6 Bxf6 24. Rf4 a5 25. Kg2 Rd6 26. a4 bxa4 27.
bxa4 Rb8 28. Bxf6 gxf6 29. g4 Rb4 30. Ra1 d4 31. c3 dxc3 32. Rc1 Rxa4 33. Rxc3
Kb5 34. Rc1 Rb4 35. Rf5+ Kb6 36. Rh5 Rc6 37. Rh6 a4 38. Rxh7 c3 39. Kg3 c2 40.
Re7 a3 0-1